Recent vitamin research / (Record no. 13289)

000 -LEADER
fixed length control field 00416cam a2200169 a 4500
020 ## - INTERNATIONAL STANDARD BOOK NUMBER
ISBN 0849356180
040 ## - CATALOGING SOURCE
Transcribing agency DLC
082 00 - DEWEY DECIMAL CLASSIFICATION NUMBER
Classification number 612 CRC 1984 A045 Or.
245 00 - TITLE STATEMENT
Title Recent vitamin research /
260 ## - PUBLICATION, DISTRIBUTION, ETC. (IMPRINT)
Place of publication Boca Raton, Fla. :
Name of publisher CRC Press,
Year of publication c1984.
300 ## - PHYSICAL DESCRIPTION
Number of Pages 215 p. :
Other physical details ill. ;
Dimensions 26 cm.
650 #0 - SUBJECT ADDED ENTRY--TOPICAL TERM
Topical Term Vitamins
650 #0 - SUBJECT ADDED ENTRY--TOPICAL TERM
Topical Term Vitamin therapy.
650 #2 - SUBJECT ADDED ENTRY--TOPICAL TERM
Topical Term Vitamins.
700 1# - ADDED ENTRY--PERSONAL NAME
Personal name Briggs, Michael H.
942 ## - ADDED ENTRY ELEMENTS (KOHA)
Koha item type សៀវភៅភាសាអង់គ្លេស
952 ## - LOCATION AND ITEM INFORMATION (KOHA)
Withdrawn status [LOCAL, KOHA] 0
Holdings
Permanent Location Date acquired Koha item type Lost status Shelving location Barcode Current Location Full call number
Library Block A2017-08-23សៀវភៅភាសាអង់គ្លេស A045A19591Library Block A612 CRC 1984 A045 Or.
មជ្ឈមណ្ឌលឯការនៃសាកលវិទ្យាល័យភូមិន្ទកសិកម្មចំការដូង

Powered by Koha